00793cam a22002417i 45000010009000000050017000090080041000260100017000670200018000840400023001020410008001250420008001330800011001410820011001521000007001631010008001702450132001785040057003109060045003679420012004129990017004249520110004411721506320180302081848.0120317s2007 kyua 000 0 eng  a 2011410773 a9781583741740 aDLCbengerdacDLC aeng apcc a37 BLA a37 BLA1 a25 aEDU10aPASSPORT TO YOUR CAREER /cAuthors, Linda L. Blair, RN, BSN, MEd, Dean, Spencerian Colledge, Louisville, Kentucky and 2 others. aIncludes bibliographical references (pages 117-118). a7bcbccorignewd4encipf20gy-gencatlg 2ddccBK c44069d44069 00102udc40708PËKGa002b002cPËKGd2018-03-02l0o37 BLAp002-3000739r2018-03-02w2018-03-02yBK